Fashion trends and forecasting : (Record no. 31151)

MARC details
000 -LEADER
fixed length control field 02576nam a2200349 i 4500
001 - CONTROL NUMBER
control field R9781003415589
001 - CONTROL NUMBER
control field 9781003415589
003 - CONTROL NUMBER IDENTIFIER
control field EG-ScBUE
005 - DATE AND TIME OF LATEST TRANSACTION
control field 20260405093758.0
008 - FIXED-LENGTH DATA ELEMENTS--GENERAL INFORMATION
fixed length control field 241212s2025 enk f b 001 0 eng d
020 ## - INTERNATIONAL STANDARD BOOK NUMBER
Cancelled/invalid ISBN 9781032541846
040 ## - CATALOGING SOURCE
Original cataloging agency DLC
Language of cataloging eng
Description conventions rda
Transcribing agency DLC
Modifying agency EG-ScBUE
082 04 - DEWEY DECIMAL CLASSIFICATION NUMBER
Classification number 746.92
Edition number 22
Item number FAS
245 00 - TITLE STATEMENT
Title Fashion trends and forecasting :
Remainder of title the fashion futurists' toolkit /
Statement of responsibility, etc edited by Eunsuk Hur, Caroline Hemingray and Stephen Westland.
264 #1 - PUBLICATION, DISTRIBUTION, ETC. (IMPRINT)
Place of publication, distribution, etc Abingdon, Oxon ;
-- New York, NY :
Name of publisher, distributor, etc Routledge,
Date of publication, distribution, etc 2025.
300 ## - PHYSICAL DESCRIPTION
Extent xiii, 255 pages :
Other physical details color illustrations ;
Dimensions 24 cm.
336 ## - CONTENT TYPE
Content type term text
Content type code txt
Source rdacontent
337 ## - MEDIA TYPE
Media type term computer
Media type code c
Source rdamedia
338 ## - CARRIER TYPE
Carrier type term online resource
Carrier type code cr
Source rdacarrier
490 0# - SERIES STATEMENT
Series statement Mastering fashion management
504 ## - BIBLIOGRAPHY, ETC. NOTE
Bibliography, etc Includes bibliographical references and index.
520 ## - SUMMARY, ETC.
Summary, etc "Fashion Trends and Forecasting explores how designers, merchandisers, buyers, marketers and strategists use fashion trend forecasting to predict upcoming trends and understand past or current ones. It explains the importance of trend forecasting for businesses, and how technology such as Artificial Intelligence can help to advance it for the future. Addressing both macro and micro trends, including fashion styles, textiles, and colour trends as well as the impact of technology such as AI and the metaverse, the book offers guidance on how fashion students can address fast-changing consumer needs and demands, and identify wider shifts in the cultural, environmental, political and technological worlds. Case studies from globally-recognised organisations feature in every chapter, highlighting and contextualising theory for students. Discussion questions, further reading and exercises help facilitate class discussion and deeper understanding. Designed to equip the reader with Fashion Forecasting tools, methods and principles in an accessible and clear way, this text is recommended and core reading for students studying Fashion Forecasting, Fashion Buying and Fashion Marketing. Supplementary online resources include a short instructor's manual of points to be used for seminar discussions and chapter-by-chapter PowerPoint slides for instructors"--
Assigning source Provided by publisher.
650 #7 - SUBJECT ADDED ENTRY--TOPICAL TERM
Topical term or geographic name as entry element Clothing trade.
Source of heading or term BUEsh
650 #7 - SUBJECT ADDED ENTRY--TOPICAL TERM
Topical term or geographic name as entry element Fashion
General subdivision Forecasting.
Source of heading or term BUEsh
650 #7 - SUBJECT ADDED ENTRY--TOPICAL TERM
Topical term or geographic name as entry element Fashion merchandising.
Source of heading or term BUEsh
653 ## - INDEX TERM--UNCONTROLLED
Arrived date list April2026
Resource For college Arts and Design
655 ## - INDEX TERM--GENRE/FORM
Form subdivision Reading book
700 1# - ADDED ENTRY--PERSONAL NAME
Personal name Hur, Eunsuk,
Relator term editor.
700 1# - ADDED ENTRY--PERSONAL NAME
Personal name Hemingray, Caroline,
Relator term editor.
700 1# - ADDED ENTRY--PERSONAL NAME
Personal name Westland, Stephen,
Relator term editor.
942 ## - ADDED ENTRY ELEMENTS (KOHA)
Source of classification or shelving scheme Dewey Decimal Classification
Koha item type Book - Borrowing
Holdings
Withdrawn status Lost status Source of classification or shelving scheme Damaged status Not for loan Collection code Home library Current library Shelving location Date acquired Source of acquisition Cost, normal purchase price Serial Enumeration / chronology Total Checkouts Full call number Barcode Date last seen Cost, replacement price Price effective from Koha item type
    Dewey Decimal Classification     Baccah Central Library Central Library Second Floor 05/04/2026 Purchase 10636.00 40179   746.92 FAS 000057559 05/04/2026 13295.00 05/04/2026 Book - Borrowing